| Tag |
First Indicator |
Second Indicator |
Subfields |
| LEADER |
00000cam a22000001 4500 |
| 001 |
in00000025610 |
| 005 |
20151007062513.0 |
| 008 |
730208s1940 nju 00010 eng |
| 010 |
|
|
|a 40027695
|
| 035 |
|
|
|a (OCoLC)00964313
|
| 035 |
|
|
|9 AAD5069AM
|
| 040 |
|
|
|a DLC
|c DLC
|d TXA
|d UtOrBLW
|
| 043 |
|
|
|a ev-----
|
| 049 |
|
|
|a TXAM
|c [128160]
|
| 050 |
0 |
0 |
|a PT7083
|b .G8
|
| 082 |
0 |
|
|a 839.509
|
| 092 |
|
|
|a 839.09
|b G982s
|
| 100 |
1 |
|
|a Gustafson, Alrik,
|d 1903-1970.
|
| 245 |
1 |
0 |
|a Six Scandinavian novelists, Lie, Jacobsen, Heidenstam, Selma Lagerlof, Hamsun [and] Sigrid Undset /
|c by Alrik Gustafson.
|
| 264 |
|
1 |
|a Princeton :
|b Princeton university press;
|a New York :
|b American-Scandinavian foundation,
|c 1940.
|
| 300 |
|
|
|a 6 pages, ., [3]-367 pages ;
|c 24 cm.
|
| 336 |
|
|
|a text
|b txt
|2 rdacontent
|
| 337 |
|
|
|a unmediated
|b n
|2 rdamedia
|
| 338 |
|
|
|a volume
|b nc
|2 rdacarrier
|
| 650 |
|
0 |
|a Novelists, Scandinavian.
|
| 650 |
|
0 |
|a Scandinavian fiction
|x History and criticism.
|
| 999 |
|
|
|a MARS
|
| 999 |
f |
f |
|s 556b12ad-ab23-3429-94ef-52353bcbb6fd
|i d277e3ef-e9fc-382b-9308-8eb24818eb6c
|t 0
|
| 952 |
f |
f |
|p ric
|a Texas A&M University
|b Rellis Campus
|c Joint Library Facility
|d Remote Storage
|t 0
|e PT7083 .G8
|h Library of Congress classification
|i unmediated -- volume
|m A14801359742
|
| 998 |
f |
f |
|a PT7083 .G8
|t 0
|l Remote Storage
|